Подробности
| 000 -МАРКЕР |
| контрольное поле |
02235nam0a2200397 4500 |
| 001 - ИДЕНТИФИКАТОР ЗАПИСИ |
| контрольное поле |
RU\NLR\bibl\1760557 |
| 005 - ИДЕНТИФИКАТОР ВЕРСИИ |
| контрольное поле |
20260409071247.0 |
| 010 ## - МЕЖДУНАРОДНЫЙ СТАНДАРТНЫЙ НОМЕР КНИГИ (ISBN) |
| Номер (ISBN) |
978-5-9916-1262-3 |
| Тираж |
1000 |
| 021 ## - НОМЕР ГОСУДАРСТВЕННОЙ РЕГИСТРАЦИИ |
| Код страны |
российская федерация |
| Номер |
2011-22570 |
| Номер Листа государственной регистраци |
1593 |
| 035 ## - ДРУГИЕ СИСТЕМНЫЕ НОМЕРА |
| Идентификатор записи |
(NLR Aleph) 001751374 |
| 100 ## - ДАННЫЕ ОБЩЕЙ ОБРАБОТКИ |
| Данные общей обработки |
20110419d2011 |||y0rusy50 ca |
| 101 0# - ЯЗЫК РЕСУРСА |
| Язык текста, звукозаписи и т.д. |
русский |
| 102 ## - СТРАНА ПУБЛИКАЦИИ ИЛИ ПРОИЗВОДСТВА |
| Страна публикации |
российская федерация |
| 105 ## - ПОЛЕ КОДИРОВАННЫХ ДАННЫХ: ТЕКСТОВЫЕ МАТЕРИАЛЫ, МОНОГРАФИЧЕСКИЕ |
| Кодированные данные о монографическом текстовом документе |
y ||||||||| |
| 200 1# - ЗАГЛАВИЕ И СВЕДЕНИЯ ОБ ОТВЕТСТВЕННОСТИ |
| Основное заглавие |
Адвокатская деятельность и адвокатура в России |
| Сведения, относящиеся к заглавию |
учебник |
| -- |
для студентов высших учебных заведений, обучающихся по специальности 021100 "Юриспруденция" |
| Первые сведения об ответственности |
[Трунов И.Л. - проф., д.ю.н., Айвар Л.К. - проф., д.ю.н., Анисимов В.Ф. - д.ю.н. и др.] |
| Последующие сведения об ответственности |
под ред. проф. И.Л. Трунова |
| -- |
Междунар. союз юристов |
| 210 ## - ПУБЛИКАЦИЯ, РАСПРОСТРАНЕНИЕ И ДР. |
| Место издания, распространения и т.д. |
Москва |
| Имя издателя, распространителя и т. д. |
Юрайт |
| Дата издания, распространения и т.д. |
2011 |
| 215 ## - ФИЗИЧЕСКАЯ ХАРАКТЕРИСТИКА |
| Специфическое обозначение материала и объем |
527 с. |
| Размеры |
21 |
| 225 1# - СЕРИЯ |
| Основное заглавие серии |
Учебно-методическое объединение рекомендует |
| 225 1# - СЕРИЯ |
| Основное заглавие серии |
Магистр |
| 300 ## - ОБЩИЕ ПРИМЕЧАНИЯ |
| Текст примечания |
Авт. указаны на с. 5 |
| 606 ## - НАИМЕНОВАНИЕ ТЕМЫ КАК ПРЕДМЕТ |
| Наименование темы |
Адвокатура |
| Географический подзаголовок |
Российская Федерация |
| Формальный подзаголовок |
Учебники для высших учебных заведений |
| Идентификатор авторитетной/нормативной записи |
RU\NLR\auth\66538462 |
| Системный номер авторитетной/нормативной записи |
1300309 |
| 606 1# - НАИМЕНОВАНИЕ ТЕМЫ КАК ПРЕДМЕТ |
| Наименование темы |
Адвокаты |
| Формальный подзаголовок |
Учебники для высших учебных заведений |
| Тематический подзаголовок |
Профессиональная деятельность |
| Географический подзаголовок |
Российская Федерация |
| Системный номер авторитетной/нормативной записи |
2290031 |
| Идентификатор авторитетной/нормативной записи |
RU\NLR\auth\661371542 |
| 686 ## - ИНДЕКСЫ ДРУГИХ КЛАССИФИКАЦИЙ |
| Индекс |
Х629.08я73 |
| 686 ## - ИНДЕКСЫ ДРУГИХ КЛАССИФИКАЦИЙ |
| Индекс |
Х629.08-9я73 |
| 701 #1 - ИМЯ ЛИЦА - АЛЬТЕРНАТИВНАЯ ОТВЕТСТВЕННОСТЬ |
| Начальный элемент ввода |
Трунов |
| Часть имени, кроме начального элемента ввода |
И. Л. |
| Расширение инициалов личного имени |
Игорь Леонидович |
| Код отношения |
Автор |
| 701 #1 - ИМЯ ЛИЦА - АЛЬТЕРНАТИВНАЯ ОТВЕТСТВЕННОСТЬ |
| Начальный элемент ввода |
Айвар |
| Часть имени, кроме начального элемента ввода |
Л. К. |
| Расширение инициалов личного имени |
Людмила Константиновна |
| Код отношения |
Автор |
| 701 #1 - ИМЯ ЛИЦА - АЛЬТЕРНАТИВНАЯ ОТВЕТСТВЕННОСТЬ |
| Код отношения |
Автор |
| Графика поля |
Кириллица |
| Материалы, к которым относится поле |
rus |
| Начальный элемент ввода |
Анисимов |
| Часть имени, кроме начального элемента ввода |
В. Ф. |
| Дополнения к именам, кроме дат |
д-р юрид. наук |
| Даты |
1951- |
| Расширение инициалов личного имени |
Валерий Филиппович |
| Идентификатор авторитетной/нормативной записи |
RU\NLR\AUTH\770281132 |
| Системный номер авторитетной/нормативной записи |
2653099 |
| 712 02 - НАИМЕНОВАНИЕ ОРГАНИЗАЦИИ - ВТОРИЧНАЯ ОТВЕТСТВЕННОСТЬ |
| Код отношения |
Прочие |
| Начальный элемент ввода |
Международный союз юристов |
| Идентификатор авторитетной/нормативной записи |
RU\NLR\AUTH\8810041146 |
| Системный номер авторитетной/нормативной записи |
581505 |
| 801 #0 - ИСТОЧНИК ЗАПИСИ |
| Страна |
российская федерация |
| Организация |
NLR |
| Дата составления |
20110419 |
| Правила каталогизации |
RCR |
| 801 #1 - ИСТОЧНИК ЗАПИСИ |
| Страна |
российская федерация |
| Организация |
NLR |
| Дата составления |
20110419 |
| 942 ## - ДОПОЛНИТЕЛЬНЫЕ ЭЛЕМЕНТЫ ЗАПИСИ (АБИС) |
| Тип экземпляра АБИС |
Книга |
| 980 ## - КОЛЛЕКЦИЯ |
| Название коллекции |
Национальная библиография |
| 980 ## - КОЛЛЕКЦИЯ |
| Название коллекции |
НБР |